000 00860nam a2200229 i 4500
001 52768
003 ES-MaACL
005 20250811072656.0
007 t|
008 030904s1931 sp ||||1| spa d
080 _a331-055.2:349.2(460)"19"(094.5)
080 _a331.31:349.2(460)"19"(094.5)
245 0 0 _aDecreto-ley de 15 de agosto de 1927 relativo al descanso nocturno de la mujer obrera y Reglamento para su aplicación.
260 _aMadrid :
_b[s.n.],
_c1931 (
_fSuc. de M. Minuesa de los Ríos)
300 _a12 p. ;
_c21 cm.
500 _aPrecede al tít.: Ministerio de Trabajo y Previsión.
650 4 _aMujeres-
_xTrabajo-
_zEspaña-
_y1931-1939.
_9167891
650 4 _aJornada laboral-
_zEspaña.
_913942
710 1 _aEspaña.
_bMinisterio de Trabajo y Previsión
_93933
852 4 _aES-MaACL
_j1757-F-16
999 _c52768
_d52768